[Event "Cto Aragon Equipos 2025 - Preferente"]
[Site "Aragon"]
[Date "2025.02.01"]
[Round "2.41"]
[White "Garcia Alriols, Jesus"]
[Black "Galve Guinea, Alejandro"]
[Result "1-0"]
[WhiteElo "1852"]
[BlackElo "1949"]
[PlyCount "106"]
[GameId "2147807427796018"]
[EventDate "2025.01.25"]
[EventCountry "ESP"]
[WhiteTeam "Binefar"]
[BlackTeam "El Olivar C"]

1. e4 e6 2. b3 d5 3. Bb2 Nf6 4. e5 Nfd7 5. Qg4 c5 6. Nf3 Nc6 7. a3 Qc7 8. Qg3 a6 9. Be2 f6 10. exf6 Qxg3 11. f7+ Kxf7 12. hxg3 Be7 13. Nc3 Bf6 14. O-O-O Nde5 15. Nxe5+ Bxe5 16. f4 Bd4 17. Rdf1 h6 18. g4 Re8 19. g5 hxg5 20. fxg5+ Ke7 21. Na4 b5 22. Nb6 Bxb2+ 23. Kxb2 Ra7 24. Bh5 Rh8 25. c4 Kd6 26. Bg4 Re8 27. cxd5 Nd4 28. Nxc8+ Rxc8 29. dxe6 Nxe6 30. Re1 Re8 31. Re3 Rae7 32. Rhe1 Nxg5 33. Rxe7 Rxe7 34. Rxe7 Kxe7 35. b4 cxb4 36. axb4 Ne6 37. Bf3 Kd6 38. Bb7 Nc7 39. d4 g5 40. Kb3 Ke6 41. g4 Kd6 42. Kc3 Ke6 43. Kd3 Nd5 44. Bxd5+ Kxd5 45. Ke3 Kc4 46. Ke4 Kxb4 47. d5 Ka3 48. d6 b4 49. d7 b3 50. d8=Q b2 51. Qd1 a5 52. Kd4 a4 53. Qd3+ Ka2 1-0

[Event "Cto Aragon Equipos 2025 - Preferente"]
[Site "Aragon"]
[Date "2025.02.01"]
[Round "2.42"]
[White "Labrador Postigo, Francisco M."]
[Black "Rosa Garcia, Jesus"]
[Result "1-0"]
[WhiteElo "1868"]
[BlackElo "1842"]
[PlyCount "50"]
[GameId "2147807427841075"]
[EventDate "2025.01.25"]
[EventCountry "ESP"]
[WhiteTeam "El Olivar C"]
[BlackTeam "Binefar"]

1. d4 c5 2. d5 g6 3. Nc3 Bg7 4. e4 Qb6 5. Nf3 d6 6. h3 Nf6 7. Bb5+ Bd7 8. a4 O-O 9. O-O Bxb5 10. axb5 a6 11. Nd2 Nbd7 12. Nc4 Qc7 13. Qe2 Nb6 14. bxa6 Rxa6 15. Rxa6 bxa6 16. Ne3 Ra8 17. Bd2 Qb7 18. f4 Nh5 19. Qf3 Bd4 20. Kh1 Bxe3 21. Bxe3 Nc4 22. b3 Qb4 23. bxc4 Qxc3 24. e5 Qxc4 25. Rf2 f5 (25... Qe4 26. g4 Ng3+ 27. Kg2 dxe5 28. Kxg3 exf4+ 29. Qxf4 Qxd5 30. c4 Qe6 31. Rd2 f6 32. Bxc5 g5 33. Qf3 Rc8 34. Re2 Qxc4 35. Bxe7 Re8 36. Kf2 Qc7 37. Qxf6 Qh2+ 38. Ke1 Qg1+ 39. Kd2 Qa7 40. Qe6+ Kg7 41. Bf6+) 1-0

[Event "Cto Aragon Equipos 2025 - Preferente"]
[Site "Aragon"]
[Date "2025.02.01"]
[Round "2.43"]
[White "Arino Castan, Federico"]
[Black "Sisas Mainar, Izan"]
[Result "0-1"]
[WhiteElo "1812"]
[BlackElo "1785"]
[PlyCount "125"]
[GameId "2147807427877940"]
[EventDate "2025.01.25"]
[EventCountry "ESP"]
[WhiteTeam "Binefar"]
[BlackTeam "El Olivar C"]

1. d4 d5 2. c4 a6 3. cxd5 Qxd5 4. Nc3 Qd8 5. Bf4 Nf6 6. e3 Bf5 7. Nf3 e6 8. Bd3 Bxd3 9. Qxd3 c5 10. O-O Nc6 11. Rfd1 cxd4 12. Nxd4 Nb4 13. Qe2 Nbd5 14. Nxd5 Nxd5 15. Qf3 Qf6 16. Bg3 Be7 17. Rac1 O-O 18. Qxf6 Bxf6 19. e4 Rac8 20. exd5 Bxd4 21. dxe6 fxe6 22. Rxc8 Rxc8 23. b3 Rc2 24. Kf1 Bf6 25. Rd7 b5 26. Rd6 Rxa2 27. Rxe6 Bc3 28. Rc6 b4 29. Bd6 a5 30. Bc5 Rb2 31. Ra6 Rxb3 32. Rxa5 Rb1+ 33. Ke2 b3 34. Ra8+ Kf7 35. Kd3 Bf6 36. Rb8 Rd1+ 37. Ke2 Rc1 38. Ba3 b2 39. Bxb2 Rc2+ 40. Kf3 Rxb2 41. Ra8 Bd4 42. h3 Rxf2+ 43. Ke4 Bf6 44. g3 Rh2 45. h4 Rf2 46. Rh8 Kg6 47. Ra8 Rf1 48. Ra5 Re1+ 49. Kf4 Ra1 50. Rb5 Ra4+ 51. Kf3 Bxh4 52. gxh4 Rxh4 53. Kg3 Rc4 54. Ra5 h5 55. Rb5 Kh6 56. Ra5 h4+ 57. Kf3 g5 58. Ra8 Rf4+ 59. Kg2 Kh5 60. Kh3 Rf3+ 61. Kg2 Kg4 62. Ra4+ Rf4 63. Ra3 0-1

[Event "Cto Aragon Equipos 2025 - Preferente"]
[Site "Aragon"]
[Date "2025.02.01"]
[Round "2.44"]
[White "Marco Garcia, Francho"]
[Black "Amello Montiu, Jonathan"]
[Result "1-0"]
[WhiteElo "1765"]
[BlackElo "1803"]
[PlyCount "28"]
[GameId "2147807427935285"]
[EventDate "2025.01.25"]
[EventCountry "ESP"]
[WhiteTeam "El Olivar C"]
[BlackTeam "Binefar"]

1. e4 c5 2. c3 Nf6 3. e5 Nd5 4. Bc4 Nb6 5. Bb3 e6 6. Nf3 Nc6 7. O-O d6 8. exd6 Bxd6 9. Qe2 O-O 10. Re1 Qc7 11. h3 Bd7 12. d4 Rfe8 13. Na3 Rad8 14. Nb5 Be7 1-0

[Event "Cto Aragon Equipos 2025 - Preferente"]
[Site "Aragon"]
[Date "2025.02.01"]
[Round "2.45"]
[White "Torrente Gayarre, Lorenzo"]
[Black "Vallverdu Miret, Oscar"]
[Result "1-0"]
[WhiteElo "1999"]
[BlackElo "2028"]
[PlyCount "101"]
[GameId "2147807427992630"]
[EventDate "2025.01.25"]
[EventCountry "ESP"]
[WhiteTeam "Jaque - Aramovil B"]
[BlackTeam "Fraga"]

1. d4 Nf6 2. Nf3 c5 3. e3 cxd4 4. exd4 g6 5. Bd3 Bg7 6. O-O O-O 7. c3 d6 8. Re1 Nc6 9. h3 Re8 10. Bf4 a6 11. a4 b6 12. Na3 Bb7 13. Qd2 Na5 14. Bc2 Bxf3 15. gxf3 Qc8 16. Kg2 Nc4 17. Nxc4 Qxc4 18. Re2 Nh5 19. Bh2 Bh6 20. Bd3 Bxd2 21. Bxc4 Bf4 22. Bd5 Rab8 23. Bc6 Rec8 24. d5 e5 25. Re4 Bh6 26. Rb4 f5 27. Ra3 f4 28. Rab3 b5 29. axb5 axb5 30. c4 Nf6 31. Rxb5 Rxb5 32. Rxb5 Rc7 33. b4 Nd7 34. c5 dxc5 35. bxc5 Bf8 36. Bxd7 Rxd7 37. c6 Rc7 38. Rb8 Kf7 39. Kf1 Bc5 40. Ke2 Bd6 41. Ra8 Re7 42. Kd3 Re8 43. Ra7+ Re7 44. Ra4 Ke8 45. Ra8+ Kf7 46. Kc4 Re8 47. Ra7+ Re7 48. Ra4 Re8 49. Ra2 Rb8 50. Ra7+ Kf6 51. Rd7 1-0

[Event "Cto Aragon Equipos 2025 - Preferente"]
[Site "Aragon"]
[Date "2025.02.01"]
[Round "2.46"]
[White "Aribau Rivas, Miguel Angel"]
[Black "Montoro Mavilla, Sergio"]
[Result "0-1"]
[WhiteElo "1987"]
[BlackElo "1944"]
[PlyCount "62"]
[GameId "2147807428029495"]
[EventDate "2025.01.25"]
[EventCountry "ESP"]
[WhiteTeam "Fraga"]
[BlackTeam "Jaque - Aramovil B"]

1. e4 e5 2. Nf3 Nc6 3. Bc4 Bc5 4. d3 Nf6 5. O-O d6 6. c3 a6 7. Be3 Ba7 8. Bb3 h6 9. Nbd2 O-O 10. Bxa7 Rxa7 11. Re1 Re8 12. h3 Na5 13. Bc2 c5 14. d4 cxd4 15. cxd4 b5 16. d5 Qb6 17. Bd3 Ree7 18. b4 Nc4 19. Bxc4 bxc4 20. Nxc4 Qxb4 21. Nfd2 Rec7 22. Rb1 Qc5 23. Rc1 Bd7 24. Nb3 Qb4 25. a3 Qb8 26. Nba5 Rc5 27. Qd2 Qc7 28. f3 Nh5 29. Qb4 Nf4 30. Rb1 Bb5 31. Nb2 Rc2 0-1

[Event "Cto Aragon Equipos 2025 - Preferente"]
[Site "Aragon"]
[Date "2025.02.01"]
[Round "2.47"]
[White "Zazuliak, Kostiantyn"]
[Black "Casas Chine, German"]
[Result "1-0"]
[WhiteElo "1868"]
[BlackElo "1904"]
[PlyCount "107"]
[GameId "2147807428082744"]
[EventDate "2025.01.25"]
[EventCountry "ESP"]
[WhiteTeam "Jaque - Aramovil B"]
[BlackTeam "Fraga"]

1. d4 Nf6 2. Nf3 g6 3. c4 Bg7 4. Nc3 O-O 5. Bg5 d6 6. Qc2 c5 7. d5 Na6 8. e4 Bd7 9. Be2 Nc7 10. O-O a6 11. a4 b6 12. Nd2 Rb8 13. f4 Ng4 14. Bxg4 Bxg4 15. h3 Bd7 16. e5 f6 17. exf6 exf6 18. Bh4 Bf5 19. Nce4 Qd7 20. Rae1 b5 21. axb5 axb5 22. b3 bxc4 23. bxc4 Bxh3 24. gxh3 Qxh3 25. Bf2 f5 26. Re3 Qg4+ 27. Rg3 Qxf4 28. Bxc5 Qe5 29. Bxd6 Qd4+ 30. Nf2 Rb2 31. Qd3 Rc8 32. Qxd4 Bxd4 33. Rd3 Ba7 34. Ba3 Ra2 35. Re1 Ne8 36. Re7 Bb6 37. c5 Rxa3 38. Rxa3 Bxc5 39. Rae3 Bxe3 40. Rxe3 Kf7 41. Nh3 h6 42. Nf3 Rc5 43. Ne5+ Kg7 44. Nf4 Rc1+ 45. Kg2 g5 46. Nh5+ Kf8 47. Ng6+ Kf7 48. Nh8+ Kf8 49. Ng6+ Kf7 50. Ne5+ Kf8 51. Ra3 Rd1 52. Ra7 Nd6 53. Ng6+ Ke8 54. Nf6+ 1-0

[Event "Cto Aragon Equipos 2025 - Preferente"]
[Site "Aragon"]
[Date "2025.02.01"]
[Round "2.48"]
[White "Chine Infantes, Miguel Angel"]
[Black "Vizcarra Susin, Sergio"]
[Result "0-1"]
[WhiteElo "1866"]
[BlackElo "1631"]
[PlyCount "71"]
[GameId "2147807428123705"]
[EventDate "2025.01.25"]
[EventCountry "ESP"]
[WhiteTeam "Fraga"]
[BlackTeam "Jaque - Aramovil B"]

1. e4 e5 2. Nf3 Nc6 3. Bc4 Be7 4. Nc3 Nf6 5. d3 d6 6. h3 h6 7. Be3 Be6 8. Qd2 d5 9. exd5 Nxd5 10. Bb5 Bd6 11. Bxc6+ bxc6 12. O-O Qf6 13. Ne4 Qg6 14. Kh2 f5 15. Nxd6+ cxd6 16. c4 Nxe3 17. fxe3 O-O 18. Rf2 Qh5 19. Qe2 f4 20. Ng1 Qxe2 21. Rxe2 fxe3 22. Rxe3 Rf2 23. Re2 Raf8 24. Rae1 g5 25. Kg3 h5 26. Rxf2 h4+ 27. Kh2 Rxf2 28. Re2 Rxe2 29. Nxe2 Bf5 30. d4 Bd3 31. Nc1 Bxc4 32. dxe5 dxe5 33. b3 Ba6 34. a4 Kf7 35. Na2 c5 36. b4 0-1

[Event "Cto Aragon Equipos 2025 - Preferente"]
[Site "Aragon"]
[Date "2025.02.01"]
[Round "2.49"]
[White "Gella Bitrian, Diego"]
[Black "Arrieta Restrepo, Steven"]
[Result "0-1"]
[WhiteElo "1990"]
[BlackElo "2095"]
[PlyCount "78"]
[GameId "2147807428172858"]
[EventDate "2025.01.25"]
[EventCountry "ESP"]
[WhiteTeam "Atletismo Huesca"]
[BlackTeam "Monzon"]

1. e4 d6 2. d4 Nf6 3. Nc3 e5 4. Nf3 Nbd7 5. Bc4 Be7 6. O-O O-O 7. a4 c6 8. Ba2 b6 9. Qe2 a6 10. Rd1 Qc7 11. dxe5 dxe5 12. Nh4 Nc5 13. b4 Ne6 14. Rb1 Nd4 15. Qd3 Rd8 16. Bb2 b5 17. Ne2 Be6 18. Bxe6 Nxe6 19. Qe3 Rxd1+ 20. Rxd1 Rd8 21. Rd3 Bxb4 22. Nf5 Bc5 23. Qf3 Rxd3 24. Qxd3 Qa5 25. Bc3 Qxa4 26. Bxe5 Qxe4 27. Nh6+ Kf8 28. Bxf6 Qxd3 29. cxd3 gxf6 30. Nf5 a5 31. Kf1 a4 32. Ke1 a3 33. Nc1 Nf4 34. Nb3 Bb4+ 35. Kd1 Nxd3 36. f3 c5 37. Kc2 a2 38. Ne3 c4 39. Na1 Ba3 0-1

[Event "Cto Aragon Equipos 2025 - Preferente"]
[Site "Aragon"]
[Date "2025.02.01"]
[Round "2.50"]
[White "Hidalgo Gracia, Andres"]
[Black "Gella Lopez, Angel"]
[Result "1-0"]
[WhiteElo "2036"]
[BlackElo "1977"]
[PlyCount "89"]
[GameId "2147807428262971"]
[EventDate "2025.01.25"]
[EventCountry "ESP"]
[WhiteTeam "Monzon"]
[BlackTeam "Atletismo Huesca"]

1. d4 Nf6 2. Nf3 d5 3. e3 e6 4. Bd3 Be7 5. Nbd2 O-O 6. O-O c5 7. c3 Nc6 8. Qe2 b6 9. e4 dxe4 10. Nxe4 Bb7 11. Nfg5 g6 12. dxc5 Nxe4 13. Nxe4 bxc5 14. Be3 Qa5 15. a3 Ne5 16. Bxc5 Bxe4 17. b4 Bxd3 18. Qxe5 Qb5 19. a4 Qd7 20. Rfd1 Bxc5 21. bxc5 Rfd8 22. Qe3 e5 23. c6 Qf5 24. c7 Rd5 25. Rab1 Rc8 26. Rb8 e4 27. Qxa7 Re5 28. Qb7 Ree8 29. a5 Qe6 30. h3 Ba6 31. Qa7 Bd3 32. Qb7 Kg7 33. Ra1 Ba6 34. Qa7 Re7 35. Qd4+ f6 36. Rb6 Qc4 37. Qd6 Qf7 38. Rxa6 Rexc7 39. Rb6 Rxc3 40. a6 R3c7 41. Rab1 Ra8 42. Rb7 Ra7 43. Qxc7 Qxc7 44. Rxc7+ Rxc7 45. Rb7 1-0

[Event "Cto Aragon Equipos 2025 - Preferente"]
[Site "Aragon"]
[Date "2025.02.01"]
[Round "2.51"]
[White "Molina Cubero-Luna, German"]
[Black "Barranco Mananet, Fernando"]
[Result "0-1"]
[WhiteElo "1915"]
[BlackElo "1949"]
[PlyCount "114"]
[GameId "2147807428303932"]
[EventDate "2025.01.25"]
[EventCountry "ESP"]
[WhiteTeam "Atletismo Huesca"]
[BlackTeam "Monzon"]

1. e4 c5 2. Nc3 e6 3. f4 d5 4. e5 Nh6 5. Nf3 Be7 6. d4 cxd4 7. Nxd4 Nc6 8. Nb3 O-O 9. Bd3 f6 10. exf6 Bxf6 11. O-O Nb4 12. Be2 Bd7 13. a3 Na6 14. Bd3 Bc6 15. Qe2 Nc7 16. Kh1 Bxc3 17. bxc3 Qf6 18. Be3 Nf5 19. Bc5 Rfe8 20. Nd4 Qh4 21. Rf3 Qg4 22. Qe5 Na6 23. Bxa6 bxa6 24. Re1 Bd7 25. Qc7 Bb5 26. Qe5 Bd7 27. Rb1 Rac8 28. Bxa7 Bb5 29. Nxb5 axb5 30. Bd4 Nxd4 31. Qxd4 Rc4 32. Qd2 Rf8 33. Rxb5 Rcxf4 34. Qf2 Rxf3 35. gxf3 Qxf3+ 36. Qxf3 Rxf3 37. Rb3 Rf1+ 38. Kg2 Rc1 39. Rb2 Ra1 40. Rb3 Ra2 41. Kf3 Rxc2 42. h4 Kf7 43. Ke3 Kf6 44. Kd4 Rh2 45. Kc5 Rxh4 46. Rb4 Rh3 47. Kd4 Rh1 48. a4 Ra1 49. Kc5 g5 50. Kb6 h5 51. a5 g4 52. a6 g3 53. Rb2 h4 54. Rg2 Kf5 55. a7 Rxa7 56. Kxa7 Kf4 57. Re2 h3 0-1

[Event "Cto Aragon Equipos 2025 - Preferente"]
[Site "Aragon"]
[Date "2025.02.01"]
[Round "2.52"]
[White "Rodriguez Aranda, Kevin"]
[Black "Laplaza Ara, Carlos"]
[Result "1-0"]
[WhiteElo "1883"]
[BlackElo "1912"]
[PlyCount "57"]
[GameId "2147807428344893"]
[EventDate "2025.01.25"]
[EventCountry "ESP"]
[WhiteTeam "Monzon"]
[BlackTeam "Atletismo Huesca"]

1. e4 c6 2. d4 d5 3. Nd2 dxe4 4. Nxe4 Bf5 5. Ng3 Bg6 6. Nf3 Nd7 7. Bc4 e6 8. O-O Ngf6 9. Re1 Be7 10. Qe2 Nd5 11. Bb3 b5 12. c3 O-O 13. Bxd5 cxd5 14. Qxb5 Qc7 15. Bg5 Bd6 16. Nh4 Nb6 17. Nxg6 hxg6 18. Qe2 Rab8 19. Qg4 Na4 20. b3 Nxc3 21. Rac1 Rfc8 22. Bd2 Qa5 23. Rxe6 Qxa2 24. Rxc3 Rxc3 25. Bxc3 Bxg3 26. Qxg3 Rc8 27. Qe3 Qb1+ 28. Be1 fxe6 29. Qxe6+ 1-0

[Event "Cto Aragon Equipos 2025 - Preferente"]
[Site "Aragon"]
[Date "2025.02.01"]
[Round "2.53"]
[White "Larrosa Poves, Jose Manuel"]
[Black "Cid Royo, Jonathan"]
[Result "0-1"]
[WhiteElo "1931"]
[BlackElo "2132"]
[PlyCount "122"]
[GameId "2147807428389950"]
[EventDate "2025.01.25"]
[EventCountry "ESP"]
[WhiteTeam "Agrupacion B"]
[BlackTeam "L'Aurora Estadilla M64"]

1. d4 d5 2. c4 e6 3. Nc3 Nf6 4. Bg5 c6 5. cxd5 exd5 6. e3 Be7 7. Bd3 O-O 8. Qc2 h6 9. Bh4 Re8 10. Nf3 Ne4 11. Bxe7 Qxe7 12. O-O Nd7 13. b4 Qxb4 14. Nxe4 dxe4 15. Bxe4 Nf6 16. Rab1 Qe7 17. Bd3 Nd5 18. Bc4 Be6 19. a4 Nb4 20. Qb3 a5 21. Bxe6 Qxe6 22. Qxe6 Rxe6 23. Rfc1 b6 24. Ne1 Rb8 25. Rc3 Kf8 26. Nd3 Nd5 27. Rcb3 Ke8 28. g3 Kd8 29. h4 Rc8 30. Kg2 Kc7 31. Nf4 Nxf4+ 32. gxf4 Rb8 33. h5 Rd6 34. Kf3 Rd5 35. Rc3 b5 36. Rbc1 Rd6 37. Rc5 Kd7 38. f5 Rd5 39. Rxc6 Rxf5+ 40. Ke2 b4 41. Rc7+ Ke8 42. e4 Rxh5 43. d5 b3 44. Rc8+ Rxc8 45. Rxc8+ Kd7 46. Rb8 Re5 47. Kd3 f5 48. f3 fxe4+ 49. fxe4 Rg5 50. Kd4 Rg3 51. Rb7+ Kc8 52. Rb5 h5 53. e5 Rg4+ 54. Kc5 Rb4 55. Rxa5 b2 56. Kxb4 b1=Q+ 57. Kc5 Qc1+ 58. Kb5 Qb2+ 59. Kc6 Qc3+ 60. Rc5 Qxe5 61. d6 Qe4+ 0-1

[Event "Cto Aragon Equipos 2025 - Preferente"]
[Site "Aragon"]
[Date "2025.02.01"]
[Round "2.54"]
[White "Pellicer Cerezuela, Miguel"]
[Black "Carruez Berges, Santiago"]
[Result "1-0"]
[WhiteElo "2042"]
[BlackElo "1910"]
[PlyCount "55"]
[GameId "2147807428435007"]
[EventDate "2025.01.25"]
[EventCountry "ESP"]
[WhiteTeam "L'Aurora Estadilla M64"]
[BlackTeam "Agrupacion B"]

1. d4 Nf6 2. Nf3 e6 3. e3 c5 4. Bd3 Nc6 5. O-O b6 6. Nbd2 Nb4 7. Be2 Ba6 8. c4 Be7 9. a3 Nc6 10. b3 cxd4 11. exd4 O-O 12. b4 Bb7 13. Bb2 d5 14. c5 a6 15. Bd3 Re8 16. Re1 Nd7 17. Nb3 Bf6 18. cxb6 Qxb6 19. Nc5 Bc8 20. Qc2 g6 21. Ne5 Ncxe5 22. dxe5 Be7 23. Nb3 Bb7 24. Bd4 Qc6 25. Na5 Qxc2 26. Bxc2 Bc8 27. Ba4 Rf8 28. Bc6 1-0

[Event "Cto Aragon Equipos 2025 - Preferente"]
[Site "Aragon"]
[Date "2025.02.01"]
[Round "2.55"]
[White "Guerra Perez, Rafael"]
[Black "Cid Royo, Oscar"]
[Result "1/2-1/2"]
[WhiteElo "1848"]
[BlackElo "2002"]
[PlyCount "83"]
[GameId "2147807428475968"]
[EventDate "2025.01.25"]
[EventCountry "ESP"]
[WhiteTeam "Agrupacion B"]
[BlackTeam "L'Aurora Estadilla M64"]

1. d4 d5 2. Bf4 Nf6 3. e3 g6 4. Nf3 Bg7 5. h3 O-O 6. Nbd2 b6 7. Be2 Bb7 8. O-O c5 9. c3 Ne8 10. a4 Nc6 11. Ne5 f6 12. Nxc6 Bxc6 13. Nf3 Nd6 14. Qc2 Rc8 15. Rfd1 cxd4 16. Nxd4 Qd7 17. Nxc6 Qxc6 18. Bxd6 Qxd6 19. e4 e6 20. exd5 e5 21. Bb5 f5 22. Bc6 e4 23. a5 Be5 24. axb6 axb6 25. Ra7 Qf6 26. Bd7 Bb8 27. Rb7 Rcd8 28. Be6+ Kh8 29. Qa4 Qe5 30. Qd4 Qxd4 31. Rxd4 Be5 32. Ra4 Rb8 33. Rd7 Ra8 34. Raa7 Rxa7 35. Rxa7 b5 36. Ra3 b4 37. Rb3 Ra8 38. g4 bxc3 39. bxc3 f4 40. Rb1 Bxc3 41. Kf1 Kg7 42. g5 1/2-1/2

[Event "Cto Aragon Equipos 2025 - Preferente"]
[Site "Aragon"]
[Date "2025.02.01"]
[Round "2.56"]
[White "Pellicer Cemeli, Jose Luis"]
[Black "Palasi Mainar, Miguel Angel"]
[Result "1/2-1/2"]
[WhiteElo "1947"]
[BlackElo "1846"]
[PlyCount "57"]
[GameId "2147807428521025"]
[EventDate "2025.01.25"]
[EventCountry "ESP"]
[WhiteTeam "L'Aurora Estadilla M64"]
[BlackTeam "Agrupacion B"]

1. d4 Nf6 2. c4 g6 3. Nc3 Bg7 4. e4 d6 5. f4 O-O 6. Nf3 c5 7. d5 e6 8. dxe6 Bxe6 9. Bd3 Nc6 10. f5 Bd7 11. O-O Ne5 12. Bg5 h6 13. Bf4 Nfg4 14. h3 Nxf3+ 15. Qxf3 Ne5 16. Qe2 Bc6 17. Rad1 a6 18. f6 Bxf6 19. Bxh6 Bg7 20. Bxg7 Kxg7 21. Nd5 Bxd5 22. exd5 Qh4 23. b3 Rae8 24. Qf2 Qxf2+ 25. Rxf2 f5 26. Bc2 Re7 27. g3 Rfe8 28. Kg2 Rf8 29. Re1 1/2-1/2

[Event "Cto Aragon Equipos 2025 - Preferente"]
[Site "Aragon"]
[Date "2025.02.01"]
[Round "2.57"]
[White "Miranda Herrera, Belen"]
[Black "Carraminana Lopez, Luis Antonio"]
[Result "1-0"]
[WhiteElo "2051"]
[BlackElo "1929"]
[PlyCount "47"]
[GameId "2147807428557890"]
[EventDate "2025.01.25"]
[EventCountry "ESP"]
[WhiteTeam "MyInvestor Casablanca C"]
[BlackTeam "Helios B"]

1. e4 e5 2. Nf3 Nc6 3. Nc3 Nf6 4. d4 exd4 5. Nxd4 Bb4 6. Nxc6 bxc6 7. Bd3 O-O 8. O-O Re8 9. Bg5 h6 10. Bh4 Rb8 11. f4 Be7 12. Qf3 d6 13. Rae1 Bg4 14. Qg3 Be6 15. b3 Nh5 16. Bxe7 Qxe7 17. Qf3 Nf6 18. e5 dxe5 19. fxe5 Qc5+ 20. Kh1 Ng4 21. Qg3 Kh8 22. Na4 Qd4 23. h3 Rbd8 24. hxg4 1-0

[Event "Cto Aragon Equipos 2025 - Preferente"]
[Site "Aragon"]
[Date "2025.02.01"]
[Round "2.58"]
[White "Moreno Burillo, Maria"]
[Black "Felipo Martinez, Marcos"]
[Result "0-1"]
[WhiteElo "1868"]
[BlackElo "2010"]
[PlyCount "88"]
[GameId "2147807428594755"]
[EventDate "2025.01.25"]
[EventCountry "ESP"]
[WhiteTeam "Helios B"]
[BlackTeam "MyInvestor Casablanca C"]

1. e4 e5 2. Nf3 Nc6 3. Bc4 Nf6 4. d3 Bc5 5. c3 O-O 6. h3 a5 7. a4 d6 8. O-O Be6 9. Nbd2 Re8 10. Re1 Bxc4 11. Nxc4 d5 12. exd5 Qxd5 13. Ne3 Qd7 14. Nc4 Qd5 15. Ne3 Bxe3 16. Bxe3 Rad8 17. d4 e4 18. Nd2 Qf5 19. Nf1 h5 20. Ng3 Qg6 21. h4 Ne5 22. Bg5 Neg4 23. Re2 e3 24. fxe3 Rd6 25. Qf1 Rde6 26. Qf3 Ne4 27. Nxe4 Rxe4 28. Rae1 Qd6 29. Bf4 Qe7 30. g3 f6 31. Be5 Rxe5 32. dxe5 Qxe5 33. Qf4 Qc5 34. Qd4 Qf5 35. Rf1 Qe6 36. e4 Kh8 37. Rfe1 Ne5 38. Kg2 Qg4 39. Qe3 g5 40. hxg5 fxg5 41. Rf1 h4 42. Rf5 h3+ 43. Kh2 Qh5 44. Ref2 Ng4+ 0-1

[Event "Cto Aragon Equipos 2025 - Preferente"]
[Site "Aragon"]
[Date "2025.02.01"]
[Round "2.59"]
[White "Antonano Fernandez-Quincoces, Avelino"]
[Black "Sgibnev Huayllani, Daniel Vladimir"]
[Result "1-0"]
[WhiteElo "1978"]
[BlackElo "1759"]
[PlyCount "101"]
[GameId "2147807428705348"]
[EventDate "2025.01.25"]
[EventCountry "ESP"]
[WhiteTeam "MyInvestor Casablanca C"]
[BlackTeam "Helios B"]

1. e4 c6 2. d4 d5 3. exd5 cxd5 4. c4 Nf6 5. Nc3 Nc6 6. Nf3 Be6 7. c5 g6 8. Bb5 Bd7 9. O-O Bg7 10. Bxc6 Bxc6 11. b4 Ne4 12. Nxe4 dxe4 13. Ne5 Qd5 14. Nxc6 bxc6 15. Bb2 O-O 16. f3 e6 17. fxe4 Qxe4 18. Qd2 Rfd8 19. Rad1 Rd7 20. Qf2 Rad8 21. Kh1 Qd5 22. a4 Qb3 23. b5 Qxa4 24. d5 cxd5 25. Bxg7 Kxg7 26. Qf6+ Kg8 27. c6 Qxb5 28. cxd7 Qxd7 29. Ra1 Rc8 30. h4 h5 31. Ra6 Rc7 32. Rb1 Qc8 33. Rd6 Rc1+ 34. Rxc1 Qxc1+ 35. Kh2 Qc7 36. Qd8+ Qxd8 37. Rxd8+ Kg7 38. Ra8 Kf6 39. Rxa7 e5 40. Kg3 Ke6 41. Kf3 f5 42. Ra6+ Kf7 43. Ke3 Kg7 44. Re6 e4 45. Kd4 f4 46. Kxd5 f3 47. gxf3 exf3 48. Re3 f2 49. Rf3 Kh6 50. Rxf2 g5 51. Rf6+ 1-0

[Event "Cto Aragon Equipos 2025 - Preferente"]
[Site "Aragon"]
[Date "2025.02.01"]
[Round "2.60"]
[White "Garcia Modrego, Victoria"]
[Black "Cebollada Pacheco, Jesus Raul"]
[Result "0-1"]
[WhiteElo "1652"]
[BlackElo "1942"]
[PlyCount "106"]
[GameId "2147807428766789"]
[EventDate "2025.01.25"]
[EventCountry "ESP"]
[WhiteTeam "Helios B"]
[BlackTeam "MyInvestor Casablanca C"]

1. e4 e5 2. Nf3 Nf6 3. Nxe5 d6 4. Nf3 Nxe4 5. Nc3 Nxc3 6. dxc3 Be7 7. Be3 Nc6 8. Qd2 Be6 9. Bb5 a6 10. Bxc6+ bxc6 11. Nd4 Bd7 12. Qd3 O-O 13. O-O c5 14. Nf5 Bf6 15. Qd5 Re8 16. Qf3 Rb8 17. Rab1 Re5 18. Ng3 Qe8 19. Bf4 Bc6 20. Qg4 Qe6 21. Qd1 Rd5 22. Qe1 Qg4 23. Qe3 Rf5 24. f3 Qxf4 25. Nxf5 Qxf5 26. Qd3 Qd5 27. Rfd1 Qg5 28. b3 Bb5 29. c4 Bc6 30. Rf1 h5 31. Rbe1 h4 32. h3 Be5 33. Rxe5 Qxe5 34. Qd2 Re8 35. Kh1 Qe2 36. Qxe2 Rxe2 37. Rc1 g5 38. Kg1 f5 39. Kf1 Re3 40. Kf2 f4 41. Re1 Rxe1 42. Kxe1 Kf7 43. Kd2 Kf6 44. Kd3 Ke5 45. c3 a5 46. a3 g4 47. Ke2 gxf3+ 48. gxf3 Bd7 49. Kf2 Bxh3 50. Kg1 Be6 51. Kh2 d5 52. cxd5 Bxd5 53. c4 Bxf3 0-1

[Event "Cto Aragon Equipos 2025 - Preferente"]
[Site "Aragon"]
[Date "2025.02.01"]
[Round "2.61"]
[White "Muro Guerrero, Miguel"]
[Black "Hernando Garcia, Antonio"]
[Result "1-0"]
[WhiteElo "2056"]
[BlackElo "2045"]
[PlyCount "211"]
[GameId "2147807428811846"]
[EventDate "2025.01.25"]
[EventCountry "ESP"]
[WhiteTeam "Dr. Azua"]
[BlackTeam "El Olivar B"]

1. e4 d5 2. exd5 Qxd5 3. Nc3 Qd8 4. d4 c6 5. Bc4 Bf5 6. Nf3 e6 7. Ne5 Nd7 8. Qe2 Nxe5 9. dxe5 Bb4 10. O-O Qh4 11. Bb3 Bxc3 12. bxc3 Qe4 13. Qxe4 Bxe4 14. f3 Bg6 15. Bg5 h6 16. Bh4 Ne7 17. Rfd1 b5 18. Rd2 Nd5 19. c4 bxc4 20. Bxc4 O-O 21. Bb3 a5 22. Ba4 Nb6 23. Bxc6 Rac8 24. Bb7 Rxc2 25. Rxc2 Bxc2 26. Rc1 Bd3 27. Rc3 Bc4 28. Bf2 Bd5 29. Bxb6 Bxb7 30. Bxa5 Ra8 31. Rc5 Bd5 32. a3 g5 33. Bb4 Kg7 34. Kf2 h5 35. g3 Kg6 36. Ke3 Kf5 37. Rc7 Kg6 38. f4 gxf4+ 39. gxf4 Ra6 40. Kd4 Bc6 41. Kc5 Ba4 42. Be1 Bd1 43. Bb4 Ba4 44. Kc4 Ra8 45. Bd6 Bd1 46. Kb5 Be2+ 47. Kb4 Rb8+ 48. Kc3 Ra8 49. Kb2 Ra4 50. Bb4 Ra8 51. Kc3 Rd8 52. Bd6 Ra8 53. Rb7 Ra4 54. Bb4 Bf3 55. Rd7 Ra8 56. Kb3 Bd5+ 57. Kc3 Rc8+ 58. Kd3 Rc4 59. Bd2 Ra4 60. Bb4 Ra8 61. Rc7 Rb8 62. Kc3 Ra8 63. Kd4 Bf3 64. Rc3 Bg4 65. h3 Bf5 66. Rg3+ Kh6 67. Kc5 Bc2 68. Kd6 Bg6 69. Ke7 Ra7+ 70. Kf6 Ra8 71. h4 Rc8 72. Bd2 Kh7 73. a4 Rc2 74. Bc3 Rf2 75. Kg5 Ra2 76. a5 Ra3 77. Kf6 Ra4 78. Rf3 Be4 79. Rf1 Bg6 80. Kg5 Ra3 81. Rc1 Ra2 82. Ra1 Rg2+ 83. Kf6 Rg4 84. Ra4 Rg3 85. Be1 Rg1 86. Bf2 Rf1 87. Be3 Rf3 88. Ra3 Kg8 89. a6 Be4 90. a7 Ba8 91. Rb3 Bd5 92. Rb8+ Kh7 93. Bc1 Rc3 94. Bb2 Rc4 95. a8=Q Rxf4+ 96. Ke7 Bxa8 97. Rxa8 Kg7 98. Bc1 Rxh4 99. Bg5 Rg4 100. Bf6+ Kg6 101. Rg8+ Kf5 102. Rh8 Kg6 103. Ke8 Re4 104. Rg8+ Kf5 105. Rg5+ Kf4 106. Rxh5 1-0